Geometria non euclidea : introduzione geometrica alla teoria della relatività /

Guardado en:
Autor Principal: Fano, Gino.
Formato: Libro
Idioma:Italian
Publicado: Bologna : Nicola Zanichelli, 1935.
Series:Consiglio nazionale delle ricerche. Monografie di matematica applicata
Etiquetas: Agregar Etiqueta
Sin Etiquetas, Sea el primero en etiquetar este registro!
LEADER 00558nam a22001575a 4500
001 MAT.inmabb001561
008 031124s1935####it############000#0#ita#d
005 20170818125229.0
245 1 0 |a Geometria non euclidea :  |b introduzione geometrica alla teoria della relatività /  |c Gino Fano. 
260 |a Bologna :  |b Nicola Zanichelli,  |c 1935. 
300 |a 250 p. ;  |c 24 cm. 
440 0 |a Consiglio nazionale delle ricerche. Monografie di matematica applicata 
100 1 |a Fano, Gino. 
084 |a 51-XX  |2 msc2000 
010 |a  36001191  
859 |h 51  |i F214  |p A-1942  |b BIB. MATEMATICA